Szczegóły MARC21

Środowisko przyrodnicze : zagrożenie, ochrona i kształtowanie /

005 -DATA I CZAS OSTATNIEJ MODYFIKACJI [,]
    • @
    • pole kontrolne
    • 20090318102517.0
020 -Międzynarod. znormalizowany nr książki - ISBN [ , ]
    • a
    • Numer ISBN
    • 8372413592 Find
040 -Instytucja sporządzająca opis [ , ]
    • a
    • Instytucja, która sporządziła opis (NP)
    • SZCZ U/SA
    • c
    • Instytucja, która sporządziła rekord (NP)
    • SZCZ U/SA
    • d
    • Instytucja, która zmodyfikowała rekord (P)
    • SZCZ U/JŚ
041 -Język dokumentu [0, ]
    • a
    • Język tekstu (P)
    • polski
044 -Kraj miejsca wydania [ , ]
    • a
    • Kraj miejsca wydania
    • Polska
942 -Rodzaj dokumentu [ , ]
    • c
    • Rodzaj dokumentu
    • Książka
100 -Hasło główne - nazwa osobowa [1, ]
    • a
    • Nazwa osobowa (NP)
    • Mazur, Eugeniusz
    • d
    • Daty biograficzne (NP)
    • (1947- ).
    • 9
    • KHW
    • 18644
245 -Strefa tytułu i oznaczenia odpowiedzialności [1,0]
    • a
    • Tytuł
    • Środowisko przyrodnicze : Find
    • b
    • Ciąg dalszy tytułu (NP)
    • zagrożenie, ochrona i kształtowanie / Find
    • c
    • Pozostałe elementy strefy tytułu i oznaczenia odpowiedzialności (NP)
    • Eugeniusz Mazur.
250 -Strefa wydania [ , ]
    • a
    • Oznaczenie wydania (NP)
    • [Wyd. 2 uzup., dodr.].
260 -Strefa adresu wydawniczego [ , ]
    • a
    • Miejsce wydania (P)
    • Szczecin :
    • b
    • Nazwa wydawcy (P)
    • Wydawnictwo Naukowe Uniwersytetu Szczecińskiego,
    • c
    • Data wydania (P)
    • 2005.
300 -Strefa opisu fizycznego [ , ]
    • a
    • Określenie formy książki i/lub objętość (NP)
    • 218 s. :
    • b
    • Oznaczenie ilustracji (NP)
    • il. ;
    • c
    • Format (NP)
    • 24 cm.
504 -Uwaga dot. bibliogr. załącznikowej [ , ]
    • a
    • Uwaga dot. bibliografii załącznikowej
    • Bibliogr.
080 -Uniwersalna Klasyfikacja Dziesiętna [ , ]
    • 2
    • Identyfikator wydania tablic
    • UDC-P058
    • a
    • Symbol klasyfikacji
    • 502
    • b
    • Dopowiedzenie
    • Nauka o środowisku. Ochrona środowiska.
    • x
    • Poddział wspólny
    • (075.8)
    • b
    • Dopowiedzenie
    • (Podręczniki dla szkół wyższych. Skrypty).
080 -Uniwersalna Klasyfikacja Dziesiętna [ , ]
    • 2
    • Identyfikator wydania tablic
    • UDC-P058
    • a
    • Symbol klasyfikacji
    • 504
    • b
    • Dopowiedzenie
    • Zagrożenia środowiska.
    • x
    • Poddział wspólny
    • (075.8)
    • b
    • Dopowiedzenie
    • (Podręczniki dla szkół wyższych. Skrypty).
980 -Symbol UKD [ , ]
    • a
    • UKD
    • 504:502](075.8)
920 -ISBN [ , ]
    • a
    • ISBN
    • 83-7241-359-2 Find
Data inwentaryzacji Lokalizacja Numer inwentarzowy Status udost.
2008-11-13TTM.5991-3
2009-08-18TTM.6778-3
2010-05-19TTM.7165-3
2013-11-19TTM.9467-3